Регионална библиотека "Любен Каравелов" - Русе

До последната минута (Запис номер 447431)

MARC детайли
000 -Лидер
Контролно поле с фиксирана дължина 00908nam a2200265 a 4500
003 - Код на организацията, давaща контролен номер
Контролно поле BLK
005 - Дата и час на последна редакция
Контролно поле 20250718122313.0
008 - Елементи от данни с фиксирана дължина
fixed length control field 201221b bu ||||gr|||| 00| | bu d
020 ## - Международен стандартен номер на книга ISBN
Международен стандартен номер на книга ISBN 9786197614169
040 ## - Източник на каталожния запис
Идентификатор на билиотеката - собственик на записа BLK
041 ## - Код за език
Код за езика на текст/звукозапис или на отделно заглавие Български
Код за езика КДБФ Български
080 ## - УДК
Текстов определител УДК Българска литература
УДК код - определител по УДК 821.163.2
УДК определител -32
УДК - код + определител 821.163.2-32
100 ## - Редна дума - Автор
Автор Бърдаров, Георги Костадинов
Дати, свързани с автора 1973-
Автор - информация (биография) Географ. Писател.
R(LIN) 379995
139 ## - Редно поле
Редна дума Бърдаров, Георги Костадинов
Авторски знак Бър - Б 93
245 ## - Сведения за заглавието
Заглавие До последната минута
Редно поле (дума) Георги Бърдаров
Подзаглавни данни Разкази
257 ## - Страна на издаване
Страна на създаване/издаване България
260 ## - Област на издателските данни
9 (RLIN) 394110
Място на издаване, разпространение и проч. София
Име на издателя, разпространителя и проч. Мусагена
Година на издаване 2021
300 ## - Физическа характеристика
Страници 143 с.
Размери/Мащаб 21 см
380 ## - Жанр
Жанр Худож. лит.
999 ## - СИСТЕМНИ КОНТРОЛНИ НОМЕРА
Koha biblionumber 447431
Koha biblioitemnumber 447431
942 ## - АРТИКУЛИ
Вид на библиотечния материал Книги
Скрит в OPAC Не
Периодичен библиозапис Да
Koha issues (borrowed), all copies 79
944 ## - СЪЗДАВАНЕ И РЕДАКЦИЯ на ЗАПИСА
Служител, извършил регистрацията/редакцията 30530
Статус, дата на статуса Минев Младен
999 ## - СИСТЕМНИ КОНТРОЛНИ НОМЕРА
Koha biblioitemnumber 447431
999 ## - СИСТЕМНИ КОНТРОЛНИ НОМЕРА
Koha biblioitemnumber 447431
999 ## - СИСТЕМНИ КОНТРОЛНИ НОМЕРА
Koha biblioitemnumber 447431
Наличности
Код за отписване Код за изгубен артикул Източник на класификационната схема Код за повреда Коз за рестрикции Код за отдаване Артикулен № Име на библиотеката - собственик Име на библиотеката, в която се намира в момента Статус (Текущо местоположение) Дата на вписване в системата Местоположение - отдел Цена в лева Систематично азбучна сигнатура Баркод Цена в евро Служебен тип на артикула
  Не е изгубен Universal Decimal Classification Не е повреден без рестрикции заемане за дома 874129 Регионална библиотека "Любен Каравелов" Русе Регионална библиотека "Любен Каравелов" Русе Заемна - подръчен фонд 2022-03-09 Заемна - подръчен фонд 12.64 821.163.2-32/Б 93 Г 120000867667 6.46 Книги
  Не е изгубен Universal Decimal Classification Не е повреден без рестрикции заемане за дома 874130 Регионална библиотека "Любен Каравелов" Русе Регионална библиотека "Любен Каравелов" Русе Заемна - подръчен фонд 2022-03-09 Заемна - подръчен фонд 12.64 821.163.2-32/Б 93 Г 120000867666 6.46 Книги
  Не е изгубен Universal Decimal Classification Не е повреден без рестрикции заемане за дома 880461 Регионална библиотека "Любен Каравелов" Русе Регионална библиотека "Любен Каравелов" Русе Заемна - подръчен фонд 2022-04-05 Заемна - подръчен фонд 15.80 821.163.2-32/Б 93 Д 120000870495 8.08 Книги
Vip Innovations Ltd, Rousse, Bulgaria 2025